Critique du jugement

Zapisane w:
Opis bibliograficzny
Format: Książka
Język:francuski
Wydane: París J. Vrin 1951
Wydanie:3a. ed
Seria:Bibliothèque des Textes Philosophiques
Hasła przedmiotowe:
Etykiety: Dodaj etykietę
Nie ma etykietki, Dołącz pierwszą etykiete!

MARC

LEADER 00000nam a2200000 a 4500
001 UCZ3024
003 CL-VaPUC
005 20210515001802.0
008 951013e19510000FR |||||||||||||||||fre|d
999 |c 239554  |d 239552 
040 |c Pontificia Universidad Católica de Valparaíso 
082 0 4 |a 142.3  |b KAN  |2 21 
245 1 0 |a Critique du jugement 
250 |a 3a. ed 
260 |a París  |b J. Vrin  |c 1951 
300 |a 279 p 
490 0 |a Bibliothèque des Textes Philosophiques 
583 |a last modification  |c 19951013 00:00:00  |k Rodrigo Vera 
650 0 |a Metafísica  |9 265649 
650 0 |a Filosofía alemana   |9 265002 
650 0 |a Teoría del conocimiento   |9 255038 
650 0 |a Filosofía de las ciencias  |9 256466 
650 0 |a Ciencia  |9 255691 
852 |a BIBCUR 
942 |c BK  |2 ddc 
945 |d 19951013 00:00:00  |a cmena